Nový svetový neporiadok

Bibliographic Details
Main Author: Brožík, Vlado (Author)
Format: Article
Language:Slovak
PhysicalDescription:Fotogr.
ISSN:1335-406X
Subjects:

MARC

LEADER 00000nab a2200000 a 4500
001 vtls000702977
003 SK-MaSNL
005 20260302181856.0
008 180205c1999 xo 0 slo
015 |a SNBRB1999/09-19420 
035 |a CLN000055144 
040 |a SNKBUCL  |b slo  |c SNKBUCL  |e AACR2 
041 0 |a slo 
044 |a xo  |c SK 
080 |a 78.071.2:784.66  |2 UDC-MRF-SK2 
080 |a 784.66  |2 UDC-MRF-SK2 
100 1 |a Brožík, Vlado  |4 aut  |9 892078 
245 1 0 |a Nový svetový neporiadok  |c Vlado Brožík 
300 |b Fotogr. 
610 7 |a Biohazard (hudobná skupina)  |2 snkbucl  |9 893118 
655 7 |a články z novín a časopisov  |2 snkbucl  |9 267496 
773 0 |x 1335-406X  |t Moment  |g Roč. 2, č. 38 (1999), s. 43 
850 |a Slovenská národná knižnica v Martine 
852 |a SNK  |b KIS3GCP 
958 |a RBX 
999 |c 1415930  |d 1417860